[Event "Biel Chess Festival"]
[Site "Biel"]
[Date "2007.07.27"]
[Round "4"]
[White "GM Grischuk, Alexander(RUS)"]
[Black "GM Pelletier, Yannick(SUI)"]
[Result "1-0"]
[WhiteElo "2726"]
[BlackElo "2591"]
[Annotator "Ëåáåäåâ Âàñèëèé"]
[PlyCount "107"]
[EventDate "2007.07.27"]

{Âñ¸ ñàìîå èíòåðåñíîå â ýòîé ïàðòèè ñëó÷èëîñü â ýíäøïèëå, ïîýòîìó äåáþò
ïðîñêî÷èì áûñòðî.} 1. e4 c5 2. Nf3 e6 3. d4 cxd4 4. Nxd4 Nc6 5. Nc3 Qc7 6. Be2
Nf6 7. O-O Be7 8. Be3 O-O 9. f4 d6 10. Kh1 Nxd4 11. Bxd4 e5 12. Be3 exf4 13.
Bxf4 Be6 14. Qd3 Rfd8 15. Rad1 (15. Qg3 a6 16. Bh6 Ne8 17. Bd3 g6 18. Nd5 Bxd5
19. exd5 Bf6 20. c3 Be5 21. Qf3 Ng7 22. g4 Qe7 23. Rf2 Rf8 24. Rg1 f6 25. Qe3
Rf7 26. Be4 Re8 27. Bf5 gxf5 28. gxf5 Kh8 29. Qh3 b5 30. Rfg2 Rg8 31. Rg4 Qb7
32. Qg2 Qd7 33. Qf3 Qb7 34. R1g2 Qd7 35. Qh3 Qb7 36. Qf3 Qd7 37. Rg1 Qb7 38.
Qe4 Qd7 39. Qg2 Qb7 40. a3 Qd7 41. Qf3 Qb7 42. R1g2 Qd7 43. Qh3 Qb7 44. Qf3 Qd7
45. Rg1 Qb7 46. Qg2 {(1/2 Polgar,J (2550) - Espig,L (2475)/Dortmund 1990).})
15... Ne8 $146 (15... a6 16. Qg3 Ne8 17. Rf3 Qb6 18. Rdf1 Bf6 19. e5 Bxe5 20.
Bxe5 dxe5 21. Qxe5 Qd6 22. Qe3 Nc7 23. Rg3 Qd4 24. Qg5 Ne8 25. Bd3 g6 26. h3
Rac8 27. Rf4 Qc5 28. Qh4 f5 29. Qg5 Ng7 30. Rh4 f4 31. Qxf4 Nh5 32. Rxh5 Qxh5
33. Rg5 Qh6 34. Rxg6+ Qxg6 35. Bxg6 hxg6 36. Qe4 Bf5 37. Qxb7 Rb8 38. Qe7 Re8
39. Qf6 Re6 40. Qd4 Rxb2 41. Qd8+ Kf7 42. Qc7+ Kf8 43. h4 Rxc2 44. h5 gxh5 45.
Qc5+ Ke8 46. Qxf5 Re1+ 47. Kh2 Rxc3 48. Qg6+ {
(1-0 Zelcic,R (2455) - Stevic,H (2400)/Medulin 1997).}) 16. Nd5 Bxd5 17. Qxd5 (
17. exd5 $5) 17... Rac8 $6 ({Ñëàáî} 17... Qxc2 18. Bc4) ({Íî} 17... Bf6 $142
18. c3 $140 Be5) 18. c3 Nf6 19. Qb3 Nxe4 $6 (19... Qc6 20. Bf3) ({Åñëè íà 
ñåêóíäî÷êó ïðûãíóòü âïåð¸ä íà äâà õîäà, òî ñòàíîâèòñÿ ïîíÿòíûì, ïî÷åìó Rybka
íàñòàèâàåò íà ïðîôèëàêòèêå} 19... Rf8) 20. Bg4 Ra8 (20... Nc5 21. Qd5 Ra8 22.
Qxf7+ $1) 21. Qxf7+ $1 Kxf7 22. Bxd6+ Bf6 23. Bxc7 {È ÷òî ìû èìååì? Äâà ñëîíà
+ ïåøêà. Âûèãðàíî? Ïîæàëóé.  Õîòÿ, ðàçóìååòñÿ, äî ïîáåäû åù¸ øàãàòü è øàãàòü...
} Rxd1 24. Bh5+ $1 {Ñä¸ðíóòü ïåøêó ñ ìåñòà íå ïîìåøàåò} g6 25. Bxd1 Nd2 26. Re1
b5 (26... Nc4 $5 27. Bb3 Kg7 28. Bxc4 Rc8 29. Bg3 Rxc4 30. Rd1 Re4 31. Kg1 Kf7)
27. Bf4 Nc4 28. Bb3 Re8 29. Rxe8 Kxe8 30. Bc1 {
À âîò îòñþäà, íàñêîëüêî ýòî âîçìîæíî, áóäåì «ïîäðîáíè÷àòü».} Kd7 31. Kg1 {
Êîðîëü ïîøëè â öåíòð.} Kc6 32. Kf2 Kc5 33. Bc2 a5 34. a4 {Íà÷èíàÿ ïðèâîäèòü â
äåéñòâèå ñâîé ïëàí. Ðåòðîñïåêòèâíî åãî ìîæíî ñôîðìóëèðîâàòü â òð¸õ ñëîâàõ:
çàâëå÷ü, îòâëå÷ü, ïðîðâàòüñÿ.} (34. b3 Ne5 (34... Nb6 35. Be3+ Kc6 36. Be4+
Kc7 37. Bd2)) 34... b4 35. b3 {×àñòü ïåðâàÿ: çàâëåêàåì ÷¸ðíîãî êîíÿ.} Na3 ({
Ïîïðîáóåì ïîæåðòâîâàòü ÷óæóþ ôèãóðó. Âåäü íå æàëêî!} 35... Bxc3 36. bxc4 Kxc4
37. Bf4 b3 38. Be4 b2 ({íåëüçÿ} 38... Kb4 39. Bd6+ Kxa4 $4 40. Bc6#) 39. Bc2
Kb4 40. Bd6+ Kc4 41. Ke3 Bd4+ 42. Kd2 Bc3+ 43. Kd1 Bd4 {
È òåïåðü åäèíñòâåííûì, êàê ìíå êàæåòñÿ, ïëàíîì óñèëåíèÿ çà áåëûõ ÿâëÿåòñÿ} 44.
g4 Bf6 45. Bg3 ({è òåïåðü ñëèøêîì ðåçêî} 45. h4 Bxh4 46. Be5 h5 47. gxh5 gxh5
48. Bxb2 {ñ îöåíêîé ýòîé ïîçèöèè ÿ, ÷åñòíî ãîâîðÿ, î÷åíü çàòðóäíÿþñü.})
45... Bg5 (45... Kb4 46. Be1+ Ka3 47. Bxa5 $18) 46. h4 Be3 47. h5 gxh5 (47...
Bd4 48. Be1) 48. gxh5 h6 49. Be1 Bb6 50. Bd2 $18 {
Íåò, ôèãóðó æåðòâîâàòü íåõîðîøî.}) 36. Be3+ $1 Kd6 37. Bd3 $1 {
Ïåðâàÿ ÷àñòü ïëàíà ïîäõîäèò ê êîíöó.} bxc3 38. Bc1 Bd4+ 39. Kf3 Bc5 {
Èòàê, «çàâëå÷ü êîíÿ» èñïîëíèëè. Òåïåðü ñëåäóåò «îòâëå÷ü ÷¸ðíîãî êîðîëÿ»
îò ôåðçåâîãî ôëàíãà.} 40. Ke4 Ke6 41. g4 h5 {Â ïåðâîé ðåäàêöèè êîììåíòàðèåâ ÿ
õîòåë òóò ðàçðàçèòüñÿ ãíåâíûìè âîïëÿìè, òèïà: «äà ÷òî æå ýòî òàêîå, çà÷åì
ñîçäàâàòü ñåáå âòîðóþ ñëàáîñòü», íî ïîòîì îñòûë.} ({
Â îïðàâäàíèå óïîìèíàâøèìñÿ âîïëÿì ïðèâåäó ñëåäóþùèé âàðèàíò:} 41... Bd6 42. h3
$2 Bf8 43. Kd4 Bg7+ 44. Kc5 Bf8+ 45. Kb6 Kd5 46. Kxa5 Kd4 47. Bxa3 Bxa3 48. Bb1
({èëè} 48. Bc2 Kc5 49. Ka6 Bb4 50. a5 Kc6 $11) 48... Kc5 49. Bc2 Bb4+ 50. Ka6
Kc6 51. a5 Kc5 $11) ({Íî ïîòîì äî ìåíÿ äîøëî, ÷òî ïóò¸ì} 41... Bd6 42. h4 Be7
43. h5 Bc5 (43... g5 44. h6) 44. hxg6 hxg6 45. g5 {áåëûå äîñòèãàþò ïðèìåðíî
òàêîãî æå ïîëîæåíèÿ, ÷òî è â ïàðòèè, à ÷¸ðíûå âûíóæäåíû âåñòè ñâîåãî êîðîëÿ
íà çàùèòó ïåøêè g6. Ê ïðèìåðó,} Bb4 46. Kd4 Kf7 47. Kd5 Bf8 48. Kc6 Bb4 49. Kb6
c2 50. Be4 Kg7 51. Bb2+ Kf7 52. Bd3 {è ò.ä.}) 42. g5 Bb4 {Ñëåäóÿ â ôàðâàòåðå
çàìûñëà ïðîòèâíèêà. Íî, êàê ñêàçàë îäèí íîáåëåâñêèé ëàóðåàò: «Åñëè òåáå äàëè
ëèíîâàííóþ áóìàãó - ïèøè ïîïåð¸ê».} ({
Êàê ìíå êàæåòñÿ, íåñêîëüêî îñëîæíÿëî çàäà÷ó ïðîòèâíèêà} 42... c2 $1 {Âñ¸ äåëî â
òîì, ÷òî â ñëó÷àå ðàçìåíà íà à3 áåëûå âûíóæäåíû áóäóò ïîòåðÿòü òåìïèê íà
ëèêâèäàöèþ ïðîõîäíîé, êîòîðóþ îòäåëÿåò îò çàâåòíîãî ïîëÿ ïðåâðàùåíèÿ âñåãî
ëèøü îäèí øàæî÷åê.} 43. Kf4 Kf7 ({èëè} 43... Bd6+ 44. Ke3 Bc5+ 45. Ke4 $22)
44. Ke5 Be7 45. Kd4 Bb4 46. Kd5 Bf8 47. Kc6 Bb4 48. Kb6 Kg7 {è òåïåðü â ñëó÷àå
} 49. Bxa3 $6 ({ïðàâèëüíî} 49. Be4 $1 h4 ({èëè} 49... Kh7 50. Bb2 $22) 50. h3
Kf7 51. Bb2 Be7 52. Kxa5 Bxg5 53. Bxa3 c1=Q 54. Bxc1 Bxc1 55. Ka6 $18) 49...
Bxa3 50. Bxc2 Bb4 {ïîëó÷èëè íè÷üþ}) ({Åù¸ ñèëüíåå (ïîñëå} 42... c2 {)} 43.
h3 $1 (43. Kf4 Bd6+) 43... Bd6 44. Kd4 Kf7 45. Kd5 Bb4 46. Kc6 {è ò.ä.}) 43.
Kd4 Kf7 {Âòîðàÿ ÷àñòü ïëàíà («îòâëå÷ü») òàêæå çàâåðøåíà.} 44. Kd5 {
Ïîø¸ë ïðîðûâ.} Be7 45. Kc6 Bb4 46. Kb6 Kg7 47. Bxa3 $1 Bxa3 48. Kxa5 $18 Bd6 ({
Èëè} 48... Be7 49. h4 Bd6 50. Kb5 Bg3 {
, ïîëó÷àÿ òó æå ïîçèöèþ, ÷òî è â ïàðòèè.}) 49. h3 Be7 50. h4 Bd6 51. Kb5 Bg3
52. a5 Bxh4 53. a6 Bf2 54. Kc4 ({Áåëûé êîðîëü óñïåâàåò âåçäå è âñþäó:} 54. Kc4
h4 55. Kxc3 h3 56. Kc4 h2 57. Be4 Kf7 58. Kb5 Ke6 59. Kc6 $18) 1-0

[Event "Biel Chess Festival"]
[Site "Biel"]
[Date "2007.07.27"]
[Round "4"]
[White "GM Onischuk, Alexander(USA)"]
[Black "GM Van Wely, Loek(NED)"]
[Result "1-0"]
[WhiteElo "2650"]
[BlackElo "2680"]
[Annotator "Ëåáåäåâ Âàñèëèé"]
[PlyCount "57"]
[EventDate "2007.07.27"]

1. d4 d5 2. c4 c6 3. Nc3 Nf6 4. Nf3 e6 5. Bg5 dxc4 {Õðàáðûé Ëþê!} 6. e4 b5 7.
e5 h6 8. Bh4 g5 9. Nxg5 hxg5 10. Bxg5 Nbd7 11. exf6 ({Ïîñëåäíèé îïûò áîðüáû â
ýòîé ñèñòåìå ó ãîëëàíäñêîãî ãðîññìåéñòåðà áûë ïîëîæèòåëüíûé} 11. g3 Bb7 12. Bg2
Qb6 13. exf6 O-O-O 14. O-O Bh6 15. Bxh6 Rxh6 16. b3 cxb3 17. Ne4 Nxf6 18. Nc5
b2 19. Rb1 e5 20. Qd2 Rh5 21. Qxb2 exd4 22. Nxb7 Kxb7 23. a4 a6 24. Rfc1 Nd5
25. a5 Qxa5 26. Qxd4 Qb6 27. Qg7 Rf5 28. Rb2 Qc7 29. Re2 Qd6 30. h4 Qf6 31. Qg4
Re5 32. Rd2 Qe6 33. Qd4 Re1+ 34. Rxe1 Qxe1+ 35. Kh2 a5 36. Rc2 a4 37. Be4 Qb4
38. Qd3 Rd6 39. Bf3 Kb6 40. Qf5 Qb3 41. Bd1 Nc3 42. Rd2 Qe6 43. Qf4 Rxd2 44.
Qxd2 Nxd1 45. Qxd1 a3 46. Qd4+ Kb7 47. h5 Qd5 48. Qh8 a2 49. h6 Qd1 50. Qf6
a1=Q 51. Qxf7+ Kb6 {
0-1 Sasikiran,K (2690)-Van Wely,L (2674)/Foros UKR 2007/The Week in Chess 660})
11... Bb7 12. g3 c5 13. d5 Nxf6 14. Bg2 Bh6 15. Bxf6 Qxf6 16. O-O O-O-O 17.
Nxb5 a6 ({Òàê òàê äàæå êðàòåíüêèé îáçîð ýòîé ñèñòåìû çà ñòîëü êîðîòêîå âðåìÿ
äàòü íåðåàëüíî, òî ïðîñòî âñïîìíèì ÿðêèå ïàðòèè-ìàÿêè. Ñëåäóþùàÿ, ê íèì,
áåçóñëîâíî, îòíîñèòñÿ:} 17... exd5 18. Nxa7+ Kb8 19. Nb5 Bg7 20. a4 Qh6 21. h4
Bf6 22. Qe1 Bxh4 23. Qa5 Be7 24. Qc7+ Ka8 25. Qa5+ Kb8 26. Qc7+ Ka8 27. Rfe1
Bd6 28. Qb6 Bb8 29. a5 Rd7 30. Re8 Qh2+ 31. Kf1 Qxg2+ 32. Kxg2 d4+ 33. Qxb7+
Rxb7 34. Rxh8 Rxb5 35. a6 Ka7 36. Rf8 Rxb2 37. Rxf7+ Ka8 38. a7 c3 39. Rf8 {
(1-0 Kasparov,G (2805) - Ivanchuk,V (2710)/Linares 1994).}) 18. Nc3 exd5 19.
Re1 ({×åì äàëüøå â ëåñ òåîðèè, òåì ìåíüøå ïðèìåðíûõ ïàðòèé. Âîò îäíà èç
íåìíîãèõ, èãðàííàÿ ñèëüíûì øàõìàòèñòîì.} 19. Qa4 Bg7 20. Qa5 Qd6 21. Rad1 Bd4
22. Ne2 Be5 23. h4 Qc7 24. Qa3 Kb8 25. b4 cxb4 26. Qxb4 f5 $2 (26... Ka7 $1)
27. Rxd5 $1 Rxd5 28. Bxd5 Rd8 29. Bxb7 Qxb7 30. Qxc4 Rc8 31. Qd3 {
(1-0 Beliavsky,A (2659) - Serna Lara,S/Villarrobledo 2001).}) 19... Kb8 20. Na4
$146 ({Ñëàáåå} 20. Qc2 {, êàê áûëî ñûãðàíî â îäíîé «ïåðåïèñî÷íîé» ïàðòèè. 
Äóìàþ, ÷òî ìàêñèìóì ÷åãî ìîãóò äîñòè÷ü áåëûå - íè÷üÿ.  Äà è òî, åñëè
ïîäíàïðÿãóòñÿ. Òî åñòü:} d4 21. Na4 (21. Bxb7 dxc3) 21... Bxg2 ({
çàìå÷àòåëüíàÿ «ðûáà» ïîëó÷àåòñÿ ïîñëå} 21... d3 22. Qxc4 Bxg2 23. Kxg2 Rd4
(23... Be3 $5 24. f3 $1) 24. Qxc5 Rc8 25. Re6 $3 {Ïîòðÿñàþùèé õîä!} fxe6 ({
ïîñëå} 25... Rxc5 26. Rxf6 Rxa4 27. Rxh6 {÷¸ðíûì ïðåäñòîèò áîðüáà çà íè÷üþ})
26. Qb6+ Ka8 27. Qxa6+ Kb8 28. Qb6+ Ka8 $11) 22. Kxg2 Qc6+ 23. Kg1 (23. f3 Be3
24. Qxc4 $140 $4 Rxh2+ $1 $19) 23... Bg7 24. Qxc4 (24. h4 d3 25. Qxc4 d2 26.
Qb3+ Qb5 $8 27. Red1 c4 28. Qc2 ({íî íå} 28. Qxb5+ axb5 29. Nc3 b4 30. Na4 c3
$19) 28... Rd3 {è îïÿòü åñòü âîçìîæíîñòü «çàðûáèòüñÿ»} 29. Rxd2 Rxd2 30. Qxd2
Qxa4 31. Qd6+ {è ò.ä.}) 24... Rxh2 $1 25. Qb3+ Kc8 26. Nb6+ Kc7 27. Re7+ Kd6
28. Rd7+ Rxd7 29. Nc4+ $2 (29. Kxh2 $142 Rb7 30. Nc4+ Kc7 31. Qa3 Rb4 32. b3)
29... Kc7 30. Kxh2 Rd8 31. g4 Rh8+ 32. Kg3 f5 $1 33. Re1 Bf6 34. g5 f4+ $1 35.
Kxf4 Bxg5+ $1 {0-1 Liarokapis,V-Marcotulli,G/WCCF Email 2001/MegaCorr4}) 20...
Bf8 {Ïåøêó íà ñ5 îòäàâàòü íèêîìó íå õî÷åòñÿ.} ({À å¸ çàùèòà ïóò¸ì} 20... Qc6 {
äîïóñêàëî âòîðæåíèå} 21. Re7 ({íî åù¸ ñèëüíåå áûëî} 21. Rb1 $1 {
, ãîòîâÿ ïîäðûâ b2-b3})) 21. Rc1 Bc6 $6 {Ïîøëè íåòî÷íîñòè, îøèáêè, íåäî÷¸òû.}
({Ëàäüè ñëåäîâàëî ñîåäèíèòü -} 21... Bd6 $1 {
È, ïî êðàéíåé ìåðå, îäíó ìûñëü ýòîò õîä â ñåáå ñîäåðæèò:} 22. b3 $2 Rxh2 $1 {
ñ ðàçãðîìîì, íàïðèìåð, òàêèì:} 23. Kxh2 Qxf2 24. Qh5 d4 25. Rg1 Qxg3+ 26. Kh1
Qg5 $3) ({Âïðî÷åì, âîò âàì î÷åðåäíàÿ ïðåêðàñíàÿ «ðûáà» -} 21... Bd6 22. Qc2
Qh6 23. h4 Rdg8 24. b3 Bxg3 $1 25. fxg3 Rxg3 26. Qf2 Rhg8 27. Re8+ $1 Bc8 28.
Rxc8+ $1 Kxc8 29. Qxc5+ Kb8 $8 30. Rc2 {
È ïðàâî «ôååðåíèÿ» ïåðåõîäèò ê ÷¸ðíûì:} Rxg2+ $1 31. Rxg2 Qc1+ 32. Kh2 Qf4+
33. Kg1 Qc1+ 34. Kh2 $11) 22. b3 $1 {
Ñåêóíäíîå ïðîìåäëåíèå è áåëûå íà ïîëøàãà âïåðåäè â àòàêå!} Bh6 ({Ðàññìîòðèì è} 
22... Bxa4 23. bxa4 Ka7 ({âñ¸ îñòàëüíîå, óâû, óæå íåäîñòàòî÷íî; íàïðèìåð,} 
23... Bh6 24. Rxc4 $1 dxc4 $140 25. Qb1+ {è ìàò!}) 24. Rb1 Qf5 {
(îòíîñèòåëüíî ëó÷øåå)} 25. Re2 $1 {
Óãðîæàÿ âòîðæåíèåì è ïî ëèíèè «b», è ïî ëèíèè «å»} ({ñëàáåå} 25. Qd2 $5 Rh6
26. Qb2 Qc8 {, è} {íå ïðèíîñèò, ê ïðèìåðó, áîëüøîãî «ùàñòÿ»} 27. Red1 ({
íå âèäíî ðåøàþùåãî óäàðà è ïîñëå} 27. Re5 Rhd6 28. Rf5 R8d7) 27... Rhd6 28.
Rxd5 {èç-çà} c3 $1 29. Qb7+ Qxb7 30. Rxb7+ Kxb7 31. Rxd6+ Kc7 32. Rxd8 Kxd8 33.
Be4) 25... Rd7 ({èëè} 25... Rh6 26. Reb2 Rhd6 27. Rb7+ Ka8 28. Qd2 $18 {
Òî åñòü:} Qc8 29. Rxf7 Bh6 30. Qa5 Qc6 31. Rc7 Bd2 32. Rxc6 Bxa5 33. Bxd5 $3 {
, è äàëüøå ìîæíî íå ïðîäîëæàòü}) 26. Rd2 Bg7 (26... d4 27. Rdb2) 27. Rxd5 Rhd8
({ïîñëå} 27... Rxd5 28. Bxd5 {÷¸ðíûå â ëó÷øåì ñëó÷àå îñòàþòñÿ «áåç äâóõ»}
) 28. Rd6 $1 ({â ñëó÷àå «ïðåêðàñíîãî»} 28. Rb7+ $5 Rxb7 29. Rxd8 {
÷¸ðíûå åù¸ òðåïûõàþòñÿ:} Bd4 30. Rxd4 $1 ({
îñîáåííî áîäðî óïîìÿíóòîå òðåïûõàíèå ïðîèñõîäèò ïîñëå} 30. Bxb7 Qxf2+ 31. Kh1
Kxb7 32. Qb1+ Kc6 33. Qe4+ Kb6 34. Rb8+ Ka5 35. Rb1 Bb2 {è ò.ä.}) 30... Rb1 ({
åñëè} 30... cxd4 {, òî} 31. Qxd4+ Kb8 32. Bxb7 {
è ó áåëûõ ïîëó÷àåòñÿ íåïðèëè÷íî ìíîãî ëèøíèõ ïåøåê}) 31. Rd7+ Kb8 32. Rb7+
Rxb7 33. Bxb7 Kxb7 {- òóò ïðîõîäíûå, òàì ïðîõîäíûå. Îñòðàÿ ïîçèöèÿ!}) 28... Bd4
29. Kh1 $3 a5 {(ñ öåëüþ äàòü âîçäóõà êîðîëþ)} 30. Qf1 $3 Qc2 ({èëè} 30... Qd3
31. Qe1 c3 32. h4 $22 {Ïîëíûé «öóã»!} Rxd6 33. Qe7+ R6d7 34. Rb7+ Ka6 35.
Rxd7 Rxd7 36. Qxd7 Qb1+ 37. Kh2 Qb8 38. Qxf7 $18) 31. Rdb6 Qd3 32. h4 Bc3 {
(ãðîçèë ìàò Rb6-b6xa5#)} 33. Rb7+ Rxb7 34. Rxb7+ Ka6 35. Rxf7 {è ò.ä.}) ({
Ìîæíî ïîïûòàòüñÿ íàéòè êðåàòèâ ïîñëå} 22... Ka7 {
, íî çà÷åì? Âåäü ïîñëå 21...Bd6! èãðàòü ÷¸ðíûì áûëî áû òàê ëåãêî...}) 23. Rc2
Qd4 ({Òî ÷òî ïåøêó ñ5 îòäàâàòü íåëüçÿ íàãëÿäíî ïîêàçûâàåò ñëåäóþùèé âàðèàíò:
} 23... Kc7 24. Nxc5 Kb6 25. bxc4 $1 dxc4 (25... Kxc5 26. cxd5+ Kb6 27. Rxc6+)
26. Qe2 Bb5 27. a4 $1 Kxc5 28. axb5 axb5 29. Rb1 {, è ýòè ïåøêè íè îò ÷åãî íå
çàùèùàþò è íè÷åãî íå ñêðûâàþò, ïðÿì êàê êóïàëüíèêè-ñòðèíãè :). Òî åñòü:} Qe6
(29... Rb8 30. Rxb5+ $3) (29... Bg5 30. Rxb5+ $1) (29... Rd4 30. Qe1 $1) 30.
Qf3 {è ò.ä.}) 24. Qb1 $1 Ka7 $2 {
Ïîñëå ýòîé îøèáêè ïîñëåäîâàëà ôîðìåííàÿ ðàçäà÷à ëþëåé.} ({Óïîðíåå} 24... Kc7
25. Rd1 Qe5 26. Nxc5 {è òåïåðü} c3 $1 {
è äîáðàòüñÿ äî ÷¸ðíîãî êîðîëÿ ñëîæíåå, ÷åì â ïàðòèè.}) 25. bxc4 $1 {
Äàëåå - áåç ñëîâ.} Bxa4 (25... Rb8 26. Re7+ Rb7 27. Qb6+ Kb8 28. Rxb7+ Bxb7 29.
Nxc5 $18) 26. Rb2 Rd6 (26... Rd7 27. Bxd5 Qxb2 28. Qxb2 Rb8 29. Qf6 $18) 27.
Bxd5 (27. Rb7+ Ka8 28. Bxd5 $18) 27... Rxd5 28. Rb7+ Ka8 29. Qb6 1-0

[Event "Biel Chess Festival"]
[Site "Biel"]
[Date "2007.07.27"]
[Round "4"]
[White "GM Motylev, Alexander(RUS)"]
[Black "GM Carlsen, Magnus(NOR)"]
[Result "0-1"]
[WhiteElo "2648"]
[BlackElo "2710"]
[Annotator "Ëåáåäåâ Âàñèëèé"]
[PlyCount "70"]
[EventDate "2007.07.27"]

1. e4 e5 2. Nf3 Nc6 3. Bb5 a6 4. Ba4 Nf6 5. O-O Be7 6. Re1 b5 7. Bb3 O-O 8. c3
d6 9. h3 Nb8 10. d4 Nbd7 11. Nbd2 Bb7 12. Bc2 Re8 13. Nf1 Bf8 14. Ng3 g6 15. b3
c6 16. a4 Bg7 17. Ba3 d5 $146 {Âûçûâàÿ îãîíü íà ñåáÿ.} (17... Bf8 18. Qd2 {
(1/2 Plachetka,J (2430) - Banas,J (2395)/Prague 1986).}) (17... Qc7 18. dxe5
dxe5 19. Bd6 $1 Qd8 20. Qd2 Bf8 21. Rad1 Bxd6 22. Qxd6 $36 Qe7 23. Qxe7 Rxe7
24. b4 c5 25. Rd6 Ne8 26. Rd2 c4 27. Red1 Nf8 28. a5 f6 29. Nh2 Bc6 30. Ng4 Rd7
31. Rxd7 Bxd7 32. Ne3 Be6 33. Rd2 Kf7 34. Bd1 Ke7 35. Bg4 Nc7 36. Ne2 Rd8 37.
Rxd8 Kxd8 38. g3 Bxg4 39. Nxg4 Ke7 40. f4 Ke6 41. Kf2 Nd7 42. Ke3 Ne8 43. Nh2
Nd6 44. Nf3 h6 45. g4 Ke7 46. Ng3 Ne8 47. h4 Ng7 48. h5 gxh5 49. Nxh5 Nxh5 50.
gxh5 Nf8 51. fxe5 fxe5 52. Nxe5 Kf6 53. Nc6 Kg5 54. Nb8 Kxh5 55. Nxa6 Kg4 56.
Nc7 h5 57. a6 Nd7 58. a7 Nb6 59. Nd5 Na8 60. Nf6+ Kg5 61. Nxh5 Kxh5 62. Kd4 Kg5
63. Kc5 Kf4 64. Kc6 Kxe4 65. Kb7 Kd3 66. Kxa8 Kxc3 67. Kb7 Kxb4 68. a8=Q Kb3
69. Qa1 Kc2 70. Kc6 b4 71. Kc5 b3 72. Kxc4 b2 73. Qa4+ Kc1 74. Qa3 {
(1-0 Simonyi,Z (2239) - Tancik,K (2123)/Senta 2006).}) 18. dxe5 Nxe5 19. Nxe5
Rxe5 20. f4 Re8 ({Íà ïåðâûé âçãëÿä êàæåòñÿ èíòåðåñíûì} 20... Rxe4 $5 21. Bxe4
Qb6+ {, íî ïîñëå} 22. Kh2 Nxe4 ({èëè} 22... dxe4 23. Qd6 Rd8 $140 24. Bc5) 23.
a5 $1 Qc7 24. Nxe4 dxe4 25. Bd6 {
îêàçûâàåòñÿ, ÷òî ÷¸ðíûå íå íàæåðòâîâàëè äàæå íàì¸êà íà èíèöèàòèâó.}) ({
Íî çàñëóæèâàëà, ïî-ìîåìó, âíèìàíèÿ ñëåäóþùàÿ ðåïëèêà:} 20... Re6 $5 21. e5
Nd7 {
è òåïåðü áåëûì íàäî èçîáðåòàòü íå÷òî îòëè÷íîå îò âñòðåòèâøåãîñÿ â ïàðòèè -}
22. Ne2 $5 ({èáî ñåé÷àñ ïðîñòî ïëîõî} 22. Bd6 Rxd6 $1 23. exd6 Bxc3) 22... Re8
$1 $132 {Òî åñòü:} 23. Qd4 (23. Bd6 f6) 23... Qh4 {è ò.ä.}) 21. e5 Nd7 22. Bd6
c5 ({Çàïèñûâàòüñÿ â ïîäðûâíèêè åù¸ ðàíî -} 22... f6 23. e6 Nf8 24. Bxf8 Bxf8
25. Qg4 $36) ({À âîò âåðíóòüñÿ ê èäåå, âûñêàçàííîé â ïðåäûäóùåì ïðèìå÷àíèè -} 
22... Re6 $1 {áûëî áû, ïî âñåé âèäèìîñòè, ïðàâèëüíî:} 23. Qd2 Rxd6 $5 ({ñëàáåå
} 23... f6 24. f5 $1 Nxe5 25. Bxe5 Rxe5 26. fxg6 hxg6 27. Bxg6 $40) 24. exd6 b4
25. cxb4 Qb6+ 26. Kh2 Bxa1 27. Rxa1 c5 {, äóìàåòñÿ, ñ îáîþäîîñòðîé èãðîé.})
23. axb5 {×òîáû âçãëÿä íå êîñèë íàëåâî, ÷òîáû âíèìàíèå íå ðàññåèâàëîñü,
÷òîáû, íàêîíåö,  íå îòâëåêàòüñÿ îò ãëàâíîãî - îò àòàêè íà ÷¸ðíîãî êîðîëÿ.}
axb5 24. Rxa8 Bxa8 25. b4 cxb4 26. Bxb4 f6 {
ßñíî, ÷òî ñ òàêèìè ñëîíàì íå ïîèãðàåøü, è Ìàãíóñ ðåøàåòñÿ íà ïîäðûâ.} ({
Íî íå ëó÷øå è} 26... Bf8 $5 27. Bxf8 (27. Qg4 Qc7) 27... Nxf8 28. Ne2 $1 (28.
f5 Qc7) 28... Ne6 $140 29. f5 gxf5 (29... Ng5 30. Nd4 Ne4 31. e6 $1) 30. Qd3
Qb6+ 31. Nd4 Nxd4 32. cxd4 {
, è áåëîïîëüíûé ñëîí ÷¸ðíûõ äîëãî åù¸ áóäåò èñêàòü ñâî¸ ìåñòî â æèçíè.}) 27.
Bb3 fxe5 {Ñìåëûé õîä, ïðèí¸ñøèé ïîáåäó!} ({Ðàçáèðàåì àëüòåðíàòèâó -} 27... Qb6+
28. Kh2 Qc6 ({ñëàáåå} 28... Qe6 29. c4 $1 bxc4 ({íî íå} 29... dxc4 $6 30. exf6
Qf7 31. Bxc4 $1 bxc4 32. Rxe8+ Qxe8 33. fxg7 Kxg7 $140 34. Qd4+ Nf6 35. Bc3 Qe7
36. f5 {è ÷¸ðíûì åù¸ ïðèä¸òñÿ ïîòðóäèòüñÿ}) 30. exf6 Qf7 31. Rxe8+ Qxe8 32.
fxg7 cxb3 33. Qxb3 Kxg7 34. Bc3+ Kf7 35. Qa4 {
- ó ÷¸ðíûõ ïëîõî, íî íå ïðîèãðàíî.}) 29. exf6 Nxf6 30. Rxe8+ Qxe8 31. Bd6 Qc6
32. Be5 Nd7 33. Bxg7 Kxg7 34. Qd4+ {- ñëîí íà à8 ïî-ïðåæíåìó âíå èãðû.}) 28.
Bxd5+ Bxd5 {Äóìàåòñÿ, õîä ýòîò ñäåëàí áûë ñî âçäîõîì îáëåã÷åíèÿ. ÒÀÊÓo/o
(ïëîõóþ) ôèãóðó ñïðîâàäèëè ñ äîñêè ïîäàëüøå!} 29. Qxd5+ Kh8 30. f5 $1 {
Áåëûå áîéöû ïîäáèðàþòñÿ âñ¸ áëèæå è áëèæå.} Qb6+ ({Äàæå «ìàøèíêà»
ïðåäëàãàåò â êà÷åñòâå àëüòåðíàòèâû ëèøü ïåðåõîä â òðóäíîå îêîí÷àíèå} 30...
gxf5 31. Nxf5 Qb6+ 32. Kf1 Qe6 33. Qxe6 Rxe6 34. Rd1 Nf6 35. Ra1 {è ò.ä.}) ({
Èëè «ïî÷òè» òî æå ñàìîå, íî óæå áåç ïåøêè:} 30... Nf6 31. Qxb5 Qd5 32. Qxd5
Nxd5 33. Kf2) 31. Kh2 Nf6 32. Qf7 e4 $2 {
Ïîñëå ýòîãî ÷¸ðíûå äîëæíû áûëè ïðîèãðàòü...} ({Â ñëó÷àå} 32... gxf5 {
áåëûõ «âûðó÷àåò» æåðòâà ôåðçÿ â êîíöå ñëåäóþùåãî âàðèàíòà:} 33. Nxf5 Rg8
34. Rf1 $1 Ne8 35. Nxg7 Nxg7 36. Qxg8+ $1 Kxg8 37. Rf8#) ({À åñëè} 32... Rb8 {
(÷òî ÿâëÿåòñÿ íàèáîëåå óïîðíûì), òî çàïóñêàåì ìàÿòíèê:} 33. Ra1 $1 (33. Rd1
Rb7) (33. fxg6 $6 Rb7 $1) 33... Ne8 (33... g5 34. Ra7 Rg8 35. Re7 {
ñ óñòðàøàþùèì ïîëîæåíèåì}) 34. Rf1 (34. Ra7 Qf6) ({íåïëîõî è} 34. Rd1 $1)
34... Qf6 35. Qd5 {
, è õîòÿ ÷¸òêîãî âûèãðûøà ÿ íå íàø¸ë, îöåíêà ïîçèöèè ñîìíåíèé íå âûçûâàåò.})
33. fxg6 Qb8 ({Èëè} 33... Qe6 34. Rd1 $1 Qe5 ({åù¸ õóæå} 34... Qxf7 35. gxf7
Rc8 36. Rd6 h5 37. Re6 Kh7 38. Nxe4) 35. Rf1 $1 hxg6 36. Qxg6 Re6 37. Rf5 Qb8
38. Kg1 {è áåëûå íàâàëèâàþòñÿ íà êîðîëÿ ïðîòèâíèêà âñåé êó÷åé -} Qg8 ({èëè} 
38... Qe8 39. Qxe8+ Nxe8 40. Rxb5 {- áåç äâóõ}) 39. Nh5 Nh7 40. Qxg7+ Qxg7 41.
Nxg7 Kxg7 42. Rxb5 $18) 34. gxh7 {Ïåðâûé øàã ê ïðîïàñòè, è ê òîìó æå
íåòî÷íîñòü, êîòîðîé, ïðàâäà, ñîïåðíèê íå âîñïîëüçîâàëñÿ, áëàãîäàðÿ ÷åìó è
îäåðæàë ïîáåäó!} ({Ñàìûì ñèëüíûì òóò ÿâëÿëîñü} 34. Rf1 $1 Qe5 $140 ({èëè} 34...
Ng8 35. gxh7 Nh6 36. Qg6 Qe5 37. Rf4 Re6 38. Qxe4 Qxe4 39. Rxe4 Be5 40. Kg1 $1
{, èçáàâëÿÿñü îò ñâÿçêè (} Bxg3 41. Rxe6 {
) è íà÷èíàÿ ðåàëèçàöèþ äâóõ ëèøíèõ ïåøåê}) 35. Rxf6 $3 $18) 34... Qe5 $2 ({
Ïîñëå} 34... Rd8 $1 {÷¸ðíûå âíåçàïíî ïåðåõîäèëè â êîíòðàòàêó:} 35. Qg6 Rd3 36.
Bc5 Nh5 $1 (36... Rxc3 37. Be7 Qe8 38. Qxe8+ Nxe8 39. Nxe4 {è ò.ä.}) 37. Re3
Rxe3 38. Bxe3 Nxg3 ({èëè} 38... Qxg3+) 39. Qxg3 {È òåïåðü ïîñëå} Qxg3+ (39...
Qe8 $5) {÷¸ðíûì íå õâàòàåò îäíîãî òåìïà (êàê âñåãäà) äî ÷¸òêîé íè÷üåé:} 40.
Kxg3 Bxc3 41. Kf4 b4 42. Kxe4 b3 43. Kd3 {Êàê áû óñïåâàÿ âîâðåìÿ, îäíàêî ïîñëå}
Bf6 {âîçíèêàåò èíòåðåñíåéøàÿ ïîçèöèÿ, êëþ÷åâûì â êîòîðîé ÿâëÿåòñÿ îòâåò íà
âîïðîñ: «ñìîãóò ëè áåëûå ñäåëàòü ÷òî-íèáóäü íà êîðîëåâñêîì ôëàíãå áåç
ó÷àñòèÿ èõ ìîíàðõà, êîòîðûé âûíóæäåí ñòîðîæèòü ïðîõîäíóþ ÷¸ðíûõ?» Íàäî
äóìàòü... À ïîêà ãîëîñóþ çà íè÷üþ.} {(} 44. Bd2 Kxh7 45. Bc3 $2 b2 $1 $11 {)
}) 35. Bd6 $4 {Öåéòíîòíûé óæàñ!} ({Ïîñëå} 35. Qg6 Re6 36. Kg1 Nxh7 37. Qxe4
Qxe4 38. Rxe4 {èãðà ïåðåõîäèëà íà òåõíè÷åñêèå ðåëüñû.}) 35... Qxd6 {«Íàñêîëüêî
ÿ ïîíÿë, èäåÿ áûëà òàêàÿ: 35...Qxd6 36. Qxg7+ Kxg7 37. Nf5+ è 38. Nxd6. Îäíà
íåçàäà÷à, êîíü ñâÿçàí, ïîýòîìó ôîêóñ íå óäàëñÿ. Îáèäíî, êîíå÷íî» (dcp23).}
0-1